Boolean algebra and its applications
Αποθηκεύτηκε σε:
| Κύριος συγγραφέας: | |
|---|---|
| Μορφή: | Βιβλίο |
| Γλώσσα: | English |
| Δημοσίευση: |
Reading, Mass. :
Addison-Wesley Pub. Co.,
1961.
|
| Θέματα: | |
| Ετικέτες: |
Προσθήκη ετικέτας
Δεν υπάρχουν, Καταχωρήστε ετικέτα πρώτοι!
|
MARC
| LEADER | 00000cam a2200000 a 4500 | ||
|---|---|---|---|
| 001 | 1/109073 | ||
| 008 | 151005s1961####us | ||| |||| ||eng|| | ||
| 040 | |a GR-MyUa |b gre |c GR-MyUa |e AACR2 | ||
| 041 | 0 | |a eng | |
| 082 | 7 | |a 511.324 |2 (23) | |
| 100 | 1 | |a Whitesitt, J. |q (John Eldon), |d 1922- | |
| 245 | 1 | 0 | |a Boolean algebra and its applications / |c by J. Eldon Whitesitt. |
| 260 | |a Reading, Mass. : |b Addison-Wesley Pub. Co., |c 1961. | ||
| 300 | |a x, 182 σ. : |b διαγρ., πίν, |c 24 εκ. | ||
| 650 | 0 | |a Algebra, Boolean. | |
| 852 | |a INST |b SAMOS |c MAG |e 20151005 |h 511.324 WHI |p 005300042961 |q 005300042961 |t BK |y 0 | ||
| 970 | |a Σιτζίμη |b Γιασεμή |z 05/10/2015 | ||